| 000 | 00374 a2200169 4500 | ||
|---|---|---|---|
| 001 | 184422 | ||
| 020 | _a85-7153-190-0 | ||
| 040 | _cMagnum | ||
| 100 | _aPellegrini, Stella de Moraes | ||
| 240 | 1 | 0 |
_aCaminhos e encruzilhadas _lpor |
| 245 | 1 | 0 | _aCaminhos e encruzilhadas |
| 300 | _a168 | ||
| 362 | 0 | _a2005 | |
| 440 | 1 | _aRHJ | |
| 697 | _aLITERATURA GERAL | ||
| 942 | _cBK | ||
| 999 |
_c184422 _d184422 |
||